[Event "CZE-ch FIDE Open 2020"]
[Site "Kouty nad Desnou"]
[Date "2020.03.11"]
[Round "6.6"]
[White "Dejmal, Ondrej"]
[Black "Ptacek, Jan"]
[Result "1/2-1/2"]
[WhiteElo "1757"]
[BlackElo "1911"]
[Annotator "TA"]
[PlyCount "34"]
[EventDate "2020.03.07"]
[EventCountry "CZE"]
[SourceTitle "playchess.com"]
[Source "ChessBase"]
[SourceQuality "1"]

{[%evp 9,34,-47,-25,-21,-29,-61,62,-72,160,40,122,112,130,0,0,0,0,0,0,0,0,0,0,0,0,0,0]} 1. e4 e5 2. Nc3 Bc5 3. Na4 Bxf2+ 4. Kxf2 Qh4+ 5. Ke3 Qf4+ $1 6. Kd3 {Hoping for Qf3. C25: Vienna Game: Alternatives to 2...Nf6.} d5 $1 7. Kc3 {And now d4 would win.} Qxe4 ({Black should play} 7... d4+ $1 $15 8. Kb3 Qf6) 8. Kb3 (8. d4 $14 {was forced to keep a grip.}) 8... Na6 $2 {[#]} (8... d4 $17 {stays on course.}) 9. a3 (9. d4 $1 $16) 9... Qxa4+ (9... Bd7 $14 10. Nc3 (10. d4 Bxa4+ 11. Kxa4 Nc5+ 12. Kb4 a5+ 13. Kxc5 Nf6 $17) 10... Qg6) 10. Kxa4 $16 Nc5+ {[#]} 11. Kb4 (11. Kb5 $1 $16 {[%cal Rb5c5]} b6 12. d4 exd4 13. Qxd4) 11... a5+ $1 $11 {The position is equal.} 12. Kxc5 Ne7 $1 {( -> ...b6+)} 13. Bb5+ Kd8 {[%csl Gc7][%cal Rb7b6]} 14. Bc6 $1 {[%cal Rc6d5]} b6+ 15. Kb5 Nxc6 16. Kxc6 Bb7+ $1 17. Kb5 $1 (17. Kxb7 {leads to mate.} Kd7 18. Qg4+ Kd6 19. Qe6+ fxe6 20. h4 Rhb8#) 17... Ba6+ $1 1/2-1/2

[Event "CZE-ch FIDE Open 2020"]
[Site "Kouty nad Desnou"]
[Date "2020.03.11"]
[Round "6.7"]
[White "Sochorova, Petra"]
[Black "Broz, Jan"]
[Result "1/2-1/2"]
[WhiteElo "2119"]
[BlackElo "1481"]
[Annotator "TA"]
[PlyCount "47"]
[EventDate "2020.03.07"]
[EventCountry "CZE"]
[SourceTitle "playchess.com"]
[Source "ChessBase"]
[SourceQuality "1"]

{[%evp 30,47,-8,-8,0,-66,-57,-67,-61,-52,-38,-42,-49,-32,-41,-59,-29,-36,-27,-27]} 1. e4 c5 2. c3 d5 3. exd5 Qxd5 4. d4 Nc6 5. Nf3 cxd4 6. cxd4 e5 7. Nc3 Bb4 8. Bd2 Bxc3 9. Bxc3 e4 10. Ne5 Nxe5 11. dxe5 Ne7 12. Qa4+ Bd7 13. Qa3 Qe6 14. Rd1 O-O 15. Rd6 Qf5 16. Be2 Bc6 {B22: Sicilian: 2 c3.} 17. Bd4 {[#]} (17. O-O $11) 17... Qg5 $146 ({Predecessor:} 17... Ng6 18. Qg3 Rfc8 19. Bg4 Qg5 20. h4 Qc1+ 21. Bd1 Qf4 22. Rxg6 {1-0 (22) Maggiolo,E (2115)-Nejanky,M Buenos Aires 2000}) 18. O-O Nf5 {[#] Threatens to win with ...Qd2.Black is slightly better.} 19. Be3 $1 {[%cal Re3g5]} Nxe3 20. fxe3 Qxe5 21. Bc4 a6 22. Qb4 Qg5 23. Qd2 $1 Rac8 24. Qd4 {White did not feel at home in the position after the opening.} 1/2-1/2

[Event "CZE-ch FIDE Open 2020"]
[Site "Kouty nad Desnou"]
[Date "2020.03.11"]
[Round "6.8"]
[White "Zdechovsky, Tobias"]
[Black "Brazdil, Roman"]
[Result "1/2-1/2"]
[WhiteElo "1922"]
[BlackElo "2116"]
[Annotator "TA"]
[PlyCount "65"]
[EventDate "2020.03.07"]
[EventCountry "CZE"]
[SourceTitle "playchess.com"]
[Source "ChessBase"]
[SourceQuality "1"]

{[%evp 9,65,27,31,29,26,29,39,31,116,134,189,181,178,178,178,181,177,179,187,193,187,186,188,172,211,171,217,221,239,208,254,254,254,254,254,254,254,254,254,254,254,254,254,254,254,254,254,254,261,254,254,254,254,254,254,227,227,212]} 1. d4 Nf6 2. Bf4 d5 3. e3 Bf5 4. c4 c6 5. Qb3 Qb6 6. c5 {D10: Slav Defence: 3 cxd5 (without early Nf3) and 3 Nc3.} Qxb3 7. axb3 a6 8. b4 {[#] White is slightly better.} Kd7 $146 (8... Bxb1 $14 9. Rxb1 Nbd7) ({Predecessor:} 8... Nbd7 9. b5 cxb5 10. Bxb5 Bxb1 11. Bxd7+ Kxd7 12. Rxb1 Nh5 13. Ne2 e6 14. O-O Be7 15. g3 Kc6 {½-½ (15) Ernst,M (2177)-Wallner,J (2333) Vienna 2011}) 9. Nc3 $16 {[%cal Bb1c3,Bc3a4,Ba4b6][%mdl 32] Hoping for Na4.} Nh5 (9... Ke8 $16 {might work better.} 10. b5 Ne4) 10. Na4 $18 {Strongly threatening Nb6+.} Nxf4 11. Nb6+ {[%mdl 64] [#] Double Attack} ({Don't take} 11. exf4 $6 Ra7 $14) 11... Kd8 12. Nxa8 Nd3+ 13. Bxd3 $1 Bxd3 14. Nb6 Nd7 15. Nxd7 Kxd7 16. O-O-O Bb5 17. f3 g6 18. f4 e6 19. Kd2 Bg7 20. g4 h5 21. g5 Ke7 22. Nf3 Rd8 23. Rhg1 Rd7 24. Rg2 Rd8 25. Kc3 Rd7 26. Nd2 Kd8 27. Nb1 Kc7 28. Na3 Rd8 29. b3 Rd7 30. Kb2 Rd8 31. Rc2 Rc8 32. Ra1 Bd3 33. Rd2 {White took control after the opening. Accuracy: White = 93%, Black = 74%.} 1/2-1/2

[Event "CZE-ch FIDE Open 2020"]
[Site "Kouty nad Desnou"]
[Date "2020.03.11"]
[Round "6.9"]
[White "Stastny, Jakub"]
[Black "Nguyen, Thai Dai Vinh"]
[Result "1/2-1/2"]
[WhiteElo "1917"]
[BlackElo "2018"]
[Annotator "TA"]
[PlyCount "61"]
[EventDate "2020.03.07"]
[EventCountry "CZE"]
[SourceTitle "playchess.com"]
[Source "ChessBase"]
[SourceQuality "1"]

{[%evp 22,61,49,43,70,38,56,21,30,2,0,10,8,-65,-69,-74,-46,-57,-46,-59,-53,-60,-49,-109,-72,-62,-75,-82,-71,-96,-30,-45,-34,-29,-40,-26,-33,-55,-41,-94,-60,-165]} 1. d4 Nf6 2. c4 e6 3. Nc3 Bb4 4. Qc2 d5 5. Bg5 O-O 6. cxd5 exd5 7. e3 c6 8. Bd3 h6 9. Bh4 Nbd7 10. Nf3 Re8 11. O-O Bd6 12. Rab1 a5 {D36: Queen's Gambit Declined: Exchange Variation: Main line (5 Bg5 c6 6 Qc2).} 13. a3 Be7 {[#]} 14. Nd2 $146 ({Predecessor:} 14. b4 axb4 15. axb4 b5 16. Ne2 Bb7 17. Bf5 Nb6 18. Ne5 Nc4 19. Nxc4 bxc4 20. Nc3 {½-½ (40) Zhylkaidarova,S (2199)-Aulia,M (2375) Ashkhabad 2017}) 14... b6 {[%cal Bb7b6,Bb6b5,Bb5c4][%mdl 32] The position is equal.} 15. b4 axb4 16. axb4 b5 17. f3 (17. Bg3 $11 Ba6 18. Qb3) 17... Nb6 $1 $15 18. Rfe1 Rb8 19. Bf2 Nc4 {And now ...Na3 would win.} 20. Bxc4 bxc4 21. b5 cxb5 22. Rxb5 ({Better is} 22. Nxb5 $15 Qa5 23. Nc3 Rxb1 24. Rxb1) 22... Rxb5 $17 23. Nxb5 Bb4 {...Qa5 is the strong threat.} 24. Ra1 Qb6 25. Nc3 {[#]} Qc6 (25... Bf5 $1 $17 {[%mdl 512]} 26. Qxf5 Bxc3) 26. Qb2 $11 Bxc3 27. Qxc3 Bf5 28. Nb3 Rb8 29. Nc5 Nd7 30. Nxd7 (30. h4 $15) 30... Bxd7 31. Qa5 {Accuracy: White = 44%, Black = 76%.} (31. Qc2 $15) 1/2-1/2

[Event "CZE-ch FIDE Open 2020"]
[Site "Kouty nad Desnou"]
[Date "2020.03.11"]
[Round "6.10"]
[White "Novotny, David"]
[Black "Lukas, Frantisek"]
[Result "1-0"]
[WhiteElo "1910"]
[BlackElo "1852"]
[Annotator "TA"]
[PlyCount "63"]
[EventDate "2020.03.07"]
[EventCountry "CZE"]
[SourceTitle "playchess.com"]
[Source "ChessBase"]
[SourceQuality "1"]

{[%evp 9,63,-13,-4,-33,-27,-41,-45,-57,-49,-112,-98,-98,-92,-94,-89,-93,-86,-119,-103,-153,-142,-131,-156,-149,-104,-197,-197,-309,-317,-291,-23,-30,-30,-28,-22,-35,-33,-41,323,311,768,770,577,627,12823,1702,29985,29986,29990,29991,29991,29992,29992,29992,29995,29996]} 1. d4 d5 2. Bf4 c5 3. e3 cxd4 4. exd4 Bf5 5. Nc3 a6 {[#]} 6. f3 $146 {B13: Caro-Kann: Exchange Variation and Panov-Botvinnik Attack.} ({Predecessor:} 6. Qf3 e6 7. Qe2 Nc6 8. Qd2 Qb6 9. Bd3 Bxd3 10. Qxd3 Qxd4 11. Qxd4 Nxd4 12. O-O-O Nf5 13. Re1 Be7 14. Be5 Bf6 15. Nxd5 Bxe5 16. Rxe5 O-O-O 17. Nc3 Nf6 18. Nf3 Rd7 19. h3 {½-½ (19) Simion,A (1360)-Secrieru,M (1457) Baile Felix 2017}) 6... e6 7. g4 Bg6 8. h4 {Black is slightly better.} h5 $1 9. g5 ({Better is} 9. Bd3 $1 $15) 9... Nc6 $17 10. Bd3 Bxd3 11. Qxd3 Bd6 12. Nge2 Nge7 13. O-O-O b5 14. Rhg1 g6 15. Kb1 Bxf4 16. Nxf4 Nf5 17. Rde1 (17. Qe2 $17 Qe7 18. Qf2) 17... O-O $19 18. Ncxd5 (18. Nce2 $142) 18... exd5 19. Nxh5 gxh5 $2 (19... Nb4 $19 20. Qb3 gxh5 21. Qxb4 Qb6) 20. Qxf5 $11 {Intending g6 and mate.} Nxd4 21. Qd3 Qb6 {...Rae8 is the strong threat.} 22. g6 {And now gxf7+ would win.} f5 23. Qe3 {Hoping for c3.} f4 $2 {[%mdl 8192] [#] This costs Black the game.} (23... Qf6 $15 {keeps the upper hand.} 24. g7 Rfd8) 24. Qe5 $1 $18 {[%csl LRd5,LRh5][%mdl 576] Double Attack} Rf5 $2 ({Avoid the trap} 24... Qc5 $2 25. g7 $18) (24... Rae8 25. Qxd5+ Re6) 25. Qe7 {Threatening mate with Qh7+.} Qa7 {[#]} 26. Qd6 $1 Qg7 27. c3 Raf8 28. cxd4 {White mates.} Qf6 29. Qd7 {[%csl Gg6][%cal Rd7h7]} Qg7 30. Re7 Qf6 31. Rf7 Rxf7 32. gxf7+ {Accuracy: White = 64%, Black = 53%.} ({Not} 32. Qxf7+ Qxf7 33. gxf7+ Kxf7 $16) 1-0

[Event "CZE-ch FIDE Open 2020"]
[Site "Kouty nad Desnou"]
[Date "2020.03.11"]
[Round "6.11"]
[White "Vaculik, Martin"]
[Black "Klubal, Jiri"]
[Result "1-0"]
[WhiteElo "2268"]
[BlackElo "1935"]
[Annotator "TA"]
[PlyCount "57"]
[EventDate "2020.03.07"]
[EventCountry "CZE"]
[SourceTitle "playchess.com"]
[Source "ChessBase"]
[SourceQuality "1"]

{[%evp 14,57,71,69,97,50,50,45,129,27,93,91,119,108,105,113,204,202,435,421,436,111,119,125,787,629,636,632,731,780,750,393,368,354,377,387,385,387,385,370,416,383,826,803,1354,1339]} 1. e4 c5 2. Nf3 e6 3. d4 cxd4 4. Nxd4 a6 5. Bd3 d6 6. c4 Nf6 7. Nc3 Qc7 8. O-O b6 {B42: Sicilian: Kan Variation: 5 Bd3.} 9. Kh1 Bb7 10. f4 g6 (10... Nbd7 $14) 11. Qe2 (11. f5 $16 gxf5 12. Bg5 (12. exf5 e5 $14)) 11... Nbd7 (11... Bg7 $1 $11 {keeps the balance.}) 12. f5 $16 gxf5 13. exf5 e5 14. Ne6 $36 {[%mdl 2048] White is really pushing.} fxe6 (14... Qc8 $16 {was necessary.}) 15. fxe6 $18 {[#]} Be7 $146 (15... Bg7) ({Predecessor:} 15... Nc5 16. Rxf6 Nxd3 17. Qxd3 Bxg2+ 18. Kxg2 Qg7+ 19. Kh1 Qxf6 20. Nd5 Qh4 21. Be3 Ra7 22. Bxb6 {1-0 (30) Timofeev,A (2578)-Meijers,V (2499) Cappelle-la-Grande 2004}) 16. exd7+ Qxd7 {[#]} 17. Ne4 $2 (17. Bf5 $1 $18 {[%cal Rf5d7] and the rest is easy.} Qc7 18. Be6) 17... Nxe4 18. Bxe4 Rf8 $2 {[%mdl 8192] This move loses the game for Black.} (18... Bxe4 $16 19. Qxe4 Rb8) 19. Rxf8+ Bxf8 20. Qh5+ {[%mdl 64] Double Attack} Kd8 21. Bg5+ Kc7 22. Rf1 Bxe4 23. Rf7 Bg6 24. Rxd7+ Kxd7 25. Qg4+ Kc7 26. h4 Rc8 27. Be3 {Black must now prevent Bxb6+!} Bd3 $2 {[#]} (27... Re8 28. b3 Rb8) 28. Bxb6+ $1 {[%mdl 512]} Kb7 (28... Kxb6 29. Qxc8) 29. Qd7+ {Accuracy: White = 60%, Black = 23%.} 1-0

[Event "CZE-ch FIDE Open 2020"]
[Site "Kouty nad Desnou"]
[Date "2020.03.11"]
[Round "6.13"]
[White "Merinsky, Vaclav"]
[Black "Hradek, Matyas"]
[Result "1/2-1/2"]
[WhiteElo "1764"]
[BlackElo "1508"]
[Annotator "NA RC"]
[PlyCount "43"]
[EventDate "2020.03.07"]
[EventCountry "CZE"]
[SourceTitle "playchess.com"]
[Source "ChessBase"]
[SourceQuality "1"]
[TimeControl "5400+30"]

1. e4 {[%emt 0:00:00]} e6 {[%emt 0:00:00]} 2. d4 {[%emt 0:00:00]} d5 {[%emt 0:00:00]} 3. exd5 {[%emt 0:00:00]} exd5 {[%emt 0:00:00]} 4. Bd3 {[%emt 0:00:06]} Bd6 {[%emt 0:00:00]} 5. Nf3 {[%emt 0:00:27]} Nf6 {[%emt 0:00:06]} 6. Bg5 {[%emt 0:00:17]} O-O {[%emt 0:00:17]} 7. O-O {[%emt 0:00:16]} Bg4 {[%emt 0:00:14]} 8. Nbd2 {[%emt 0:00:40]} h6 {[%emt 0:00:18]} 9. Bh4 {[%emt 0:00:37]} Nbd7 {[%emt 0:00:23]} 10. c3 {[%emt 0:00:34]} c6 {[%emt 0:00:14]} 11. Qc2 {[%emt 0:02:19]} Qc7 {[%emt 0:00:12]} 12. Bg3 {[%emt 0:02:59]} Bxg3 {[%emt 0:01:07]} 13. hxg3 {[%emt 0:00:05]} Rfe8 {[%emt 0:01:04]} 14. Rfe1 {[%emt 0:02:02]} Kf8 {[%emt 0:12:40]} 15. Nb3 {[%emt 0:03:38]} b6 {[%emt 0:00:48]} 16. Nbd2 {[%emt 0:02:26]} Qd6 {[%emt 0:07:28]} 17. Nh2 {[%emt 0:03:42]} Bh5 {[%emt 0:02:26]} 18. Ndf1 {[%emt 0:07:09]} Ng4 {[%emt 0:03:28]} 19. Bf5 {[%emt 0:11:47]} Nxh2 {[%emt 0:00:13]} 20. Nxh2 {[%emt 0:02:03]} Bg6 {[%emt 0:00:14]} 21. Bxg6 {[%emt 0:01:14]} Qxg6 {[%emt 0:01:33]} 22. Qxg6 {[%emt 0:00:41]} 1/2-1/2

[Event "CZE-ch FIDE Open 2020"]
[Site "Kouty nad Desnou"]
[Date "2020.03.11"]
[Round "6.14"]
[White "Zamecnik, Jan"]
[Black "Vokoun, Tomas"]
[Result "1-0"]
[WhiteElo "1850"]
[BlackElo "1673"]
[Annotator "NA"]
[PlyCount "53"]
[EventDate "2020.03.07"]
[EventCountry "CZE"]
[SourceTitle "playchess.com"]
[Source "ChessBase"]
[SourceQuality "1"]
[TimeControl "5400+30"]

{[%evp 8,49,12,27,22,8,16,-22,49,40,52,25,52,59,77,32767,32767,32767,32767,32767,131,106,252,227,250,303,334,345,295,307,569,653,564,408,681,703,758,1087,891,530,32767,497,681,740]} 1. d4 {[%emt 0:00:00]} Nf6 {[%emt 0:00:00]} 2. g3 {[%emt 0:00:00]} g6 {[%emt 0:00:50]} 3. Bg2 {[%emt 0:00:00]} Bg7 {[%emt 0:00:20]} 4. Nf3 {[%emt 0:00:01]} O-O {[%emt 0:00:22]} 5. O-O {[%emt 0:00:34]} d5 {[%emt 0:01:39]} 6. c4 {[%emt 0:00:27]} c6 {[%emt 0:03:21]} 7. Nc3 {[%emt 0:00:55]} Nbd7 {[%emt 0:01:43]} ({Black should play} 7... dxc4 $11 8. e4 b5) 8. cxd5 {[%emt 0:02:07]} cxd5 {[%emt 0:01:08]} 9. Ne5 {[%emt 0:00:29]} Nb6 {[%emt 0:03:06]} 10. a4 {[%emt 0:03:29]} e6 {[%emt 0:10:14] D79: Fianchetto Grünfeld: Symmetrical Variation (6 0-0 c6 7 cxd5 cxd5).} 11. a5 {[%emt 0:05:55]} Nbd7 {[%emt 0:02:44]} 12. f4 {[%emt 0:03:46]} a6 {[%emt 0:05:42] [#]} 13. b4 $146 {[%emt 0:12:12]} ({Predecessor:} 13. b3 Qc7 14. Qd3 b6 15. Ba3 Re8 16. Rfc1 Qb7 17. axb6 Nxb6 18. Na4 Nbd7 19. Rc2 {1-0 (63) Martinovsky,E (2280)-Jordan,R Illinois 1993}) 13... Nxe5 {[%emt 0:03:12]} (13... b5 $11) 14. fxe5 {[%emt 0:00:53]} Nd7 {[%emt 0:00:50]} (14... Ne8 $16) 15. e4 {[%emt 0:04:27]} dxe4 {[%emt 0:02:00]} 16. Nxe4 {[%emt 0:00:24]} Rb8 {[%emt 0:04:52]} 17. Bg5 {[%emt 0:21:53]} f6 {[%emt 0:07:23]} 18. exf6 {[%emt 0:01:40]} Bxf6 $2 {[%emt 0:04:48]} (18... Nxf6 19. d5 e5) 19. Nxf6+ {[%emt 0:00:21]} Nxf6 {[%emt 0:00:11]} 20. Kh1 {[%emt 0:01:01]} Kg7 {[%emt 0:01:11]} (20... Bd7 $142 21. d5 Kg7) 21. Qd2 {[%emt 0:01:13]} Rf7 {[%emt 0:00:53]} 22. Qf4 {[%emt 0:00:30]} Bd7 {[%emt 0:02:31]} 23. Ra3 {[%emt 0:03:15]} Bb5 {[%emt 0:13:03]} 24. Rf2 {[%emt 0:00:28]} Bc6 {[%emt 0:00:40]} 25. Bxc6 $18 {[%emt 0:07:17]} bxc6 {[%emt 0:00:02]} 26. Raf3 {[%emt 0:00:21]} Qd5 {[%emt 0:00:45]} 27. Bxf6+ {[%emt 0:02:32]} 1-0

[Event "CZE-ch FIDE Open 2020"]
[Site "Kouty nad Desnou"]
[Date "2020.03.11"]
[Round "6.15"]
[White "Husa, Daniel"]
[Black "Dedek, Jan"]
[Result "1/2-1/2"]
[WhiteElo "1814"]
[BlackElo "1551"]
[Annotator "NA RC"]
[PlyCount "33"]
[EventDate "2020.03.07"]
[EventCountry "CZE"]
[SourceTitle "playchess.com"]
[Source "ChessBase"]
[SourceQuality "1"]
[TimeControl "5400+30"]

{[%evp 8,33,21,13,30,12,16,15,22,-11,35,-55,-43,-53,-51,32767,32767,32767,32767,32767,-18,32767,32767,32767,32767,32767,32767,-49]} 1. d4 {[%emt 0:00:00]} Nf6 {[%emt 0:00:00]} 2. c4 {[%emt 0:00:00]} g6 {[%emt 0:00:00]} 3. g3 {[%emt 0:00:00]} Bg7 {[%emt 0:01:27]} 4. Bg2 {[%emt 0:00:00]} d5 {[%emt 0:00:05]} 5. Nf3 {[%emt 0:00:00]} O-O {[%emt 0:01:28]} 6. O-O {[%emt 0:00:00]} c6 {[%emt 0:05:49]} 7. Nbd2 {[%emt 0:06:09]} Nbd7 {[%emt 0:02:22]} 8. Qc2 {[%emt 0:03:02]} Nb6 {[%emt 0:01:44]} 9. e3 {[%emt 0:10:41]} ({Better is} 9. c5 $11 Nbd7 10. b3) 9... Bf5 {[%emt 0:02:42]} 10. Qc3 {[%emt 0:01:58]} Ne4 {[%emt 0:06:01]} 11. Nxe4 {[%emt 0:03:08]} Bxe4 {[%emt 0:00:10]} 12. c5 {[%emt 0:07:22]} Nd7 {[%emt 0:00:25]} 13. b4 {[%emt 0:03:37]} Re8 {[%emt 0:13:30]} 14. Nd2 {[%emt 0:05:15]} Bxg2 {[%emt 0:00:10]} 15. Kxg2 {[%emt 0:00:06]} e5 {[%emt 0:00:14]} 16. Nb3 {[%emt 0:03:32]} f5 {[%emt 0:05:59]} 17. dxe5 $15 {[%emt 0:18:13]} 1/2-1/2

[Event "CZE-ch FIDE Open 2020"]
[Site "Kouty nad Desnou"]
[Date "2020.03.13"]
[Round "7.2"]
[White "Kubicek, Antonin"]
[Black "Horak, Martin"]
[Result "0-1"]
[WhiteElo "2113"]
[BlackElo "2329"]
[Annotator "TA"]
[PlyCount "94"]
[EventDate "2020.03.07"]
[EventCountry "CZE"]
[SourceTitle "playchess.com"]
[Source "ChessBase"]
[SourceQuality "1"]

{[%evp 10,94,43,47,27,0,0,0,0,-10,-6,-20,0,0,20,0,0,0,-12,0,0,-27,0,-26,-3,-2,0,0,0,0,0,0,0,0,0,-36,-35,-33,-35,-40,-31,-47,-32,-69,-58,-61,-66,-65,-66,-65,-58,-132,-133,-125,-127,-122,-90,-97,-102,-101,-105,-96,-108,-114,-128,-194,-122,-243,-112,-187,-66,-81,-56,-629,-629,-600,-589,-494,-407,-805,-750,-659,-639,-29968,-29967,-5210,-1168]} 1. d4 Nf6 2. Nf3 c5 3. d5 b5 4. Bg5 Qb6 5. Nc3 b4 6. Na4 Qa5 {A43: Schmid Benoni.} 7. c4 {[#]} d6 $146 ({Predecessor:} 7... Ne4 8. Bd2 d6 9. a3 Na6 10. g3 Bg4 11. axb4 Nxb4 12. Bg2 Bxf3 13. Bxf3 Nxd2 14. Kxd2 {1-0 (48) Plachetka,J (2345)-Popovics,A (2402) Hungary 2010}) 8. Nd2 Bd7 {The position is equal.} 9. b3 Bxa4 10. bxa4 Nbd7 11. e4 Nb6 12. e5 dxe5 13. Nb3 Qxa4 14. Nxc5 Qxd1+ 15. Rxd1 Rc8 16. Na6 {[#] Threatens to win with c5.} Nxc4 17. Rc1 $132 {[%mdl 2048] White puts up resistance} Nb6 {aiming for ...Rxc1+.} 18. Rxc8+ Nxc8 19. Bb5+ Kd8 20. Nxb4 e6 21. Nc6+ Kc7 22. dxe6 a6 23. Ba4 Nb6 24. e7 Bxe7 25. Nxe7 {[#] Bb3 is the strong threat.} Nxa4 26. Bxf6 $1 gxf6 $15 {[%mdl 4096] Endgame KRN-KRN} 27. Nd5+ Kd6 28. Nxf6 Ke6 29. Ne4 f5 30. Ng5+ (30. Ng3 $15) 30... Kf6 $17 31. h4 h6 {Strongly threatening ...Rb8.} 32. Nf3 e4 33. Nd4 Rd8 34. Nb3 Nc3 {[%csl Gc3][%cal Rd8d1]} 35. O-O f4 36. Re1 Kf5 37. Kh2 (37. Kf1 $17) 37... Nd1 ({Better is} 37... Nxa2 $19 38. g3 Nb4 39. gxf4 Nd3) 38. Re2 (38. Kg1 $17) 38... Rd5 (38... e3 $19 {is more deadly.} 39. fxe3 Nxe3) 39. Kg1 (39. Rc2 $17) 39... e3 (39... Nc3 $19 40. Rc2 e3 41. fxe3 fxe3) 40. fxe3 $15 fxe3 {And now ...Ke4 would win.} 41. g3 $2 {[%mdl 8192] This costs White the game.} (41. Kf1 $15) 41... Ke4 $19 42. Kg2 {Now Rc2 and White clings on.} Nc3 43. Re1 e2 44. Kf2 (44. Nc1 $142 Ke3 45. Nxe2) 44... Rf5+ 45. Kg2 Ke3 46. g4 Rf2+ 47. Kg1 Rf4 {Accuracy: White = 55%, Black = 78%.} (47... Ne4 $142 48. Nc1 Ng3 49. Nd3 Rf1+ 50. Kg2 Kxd3 51. Rxe2 Kxe2 52. Kxg3 Ke3 53. Kg2 Rf2+ {[%mdl 64] Double Attack} 54. Kg3 Rxa2 55. h5 Ra1 56. Kg2 Ra5 57. Kh2 Kf2 58. Kh3 Ra4 59. Kh4 Ra1 60. g5 Ra4+ 61. Kh3 hxg5 62. h6 Rh4#) 0-1

[Event "CZE-ch FIDE Open 2020"]
[Site "Kouty nad Desnou"]
[Date "2020.03.13"]
[Round "7.8"]
[White "Brazdil, Roman"]
[Black "Vaculik, Martin"]
[Result "1/2-1/2"]
[WhiteElo "2116"]
[BlackElo "2268"]
[Annotator "TA"]
[PlyCount "56"]
[EventDate "2020.03.07"]
[EventCountry "CZE"]
[SourceTitle "playchess.com"]
[Source "ChessBase"]
[SourceQuality "1"]

{[%evp 23,33,0,24,0,0,0,0,-35,0,-5,-7,0]} 1. e4 c5 2. Nf3 d6 3. d4 cxd4 4. Nxd4 Nf6 5. Nc3 g6 6. Be3 Bg7 7. f3 O-O 8. Qd2 Nc6 9. Bc4 Bd7 10. O-O-O Rc8 11. Bb3 Nxd4 12. Bxd4 b5 $1 13. e5 {B78: Sicilian Dragon: Yugoslav Attack, 9 Bc4 Bd7 10 0-0-0 Rc8.} dxe5 14. Bxe5 Bc6 15. Nd5 Nxd5 16. Bxg7 Kxg7 17. Bxd5 {[#] Not much happened in this game.} {Predecessor:} Bxd5 $146 18. Qxd5 Qc7 19. c3 a6 20. g3 Rfd8 21. Qe4 a5 22. Rhe1 Rxd1+ 23. Kxd1 b4 24. Qe5+ Qxe5 25. Rxe5 bxc3 26. Kc2 cxb2+ 27. Kxb2 Rd8 28. Kc2 Rc8+ {½-½ (28) Vojdani,S (2125)-Afshari,M (2138) Teheran 2015} 1/2-1/2